000 01018nac a22003497a 4500
001 BR0400379
003 BR-BrBNA
005 20240105122930.0
008 230509b bl.|||m| |||| 00| 0 por d
040 _aBR-BrBNA
_bpor
_cBiblioteca Nacional de Agricultura
072 _aF01
090 _a2322 BR0400379
100 1 _aBergo, C.L.
100 1 _aPimentel, F.A.
100 1 _aSilva, M.R. da
100 1 _aBastos, R.M.
110 1 _aEMBRAPA Acre, Rio Branco (Brasil)
245 1 _aRecomendações para época e frequência de corte da pimenta longa
260 3 _aRio Branco, AC (Brasil):
_c2001.
300 _a4 p.
490 _aComunicado Técnico - EMBRAPA Acre (Brazil)
_vno. 132
_xISSN 0100-8668
650 _aPIMENTA LONGA
650 _aBIOMASSA
650 _aMATÉRIA PRIMA
650 _aÉPOCA DE CORTE
650 _aCALAGEM
650 _aPLUVIOMETRIA
650 _aMATÉRIA SECA
650 _aPRODUTIVIDADE
909 _a202312
_bLúcia Elande
_c55
_dLúcia Elande
942 _2AGRIS
_n0
_cMS
999 _c293361
_d293361